000
00238nam a22001097a 4500
082
_a
894.812
_b
THA/E
100
_a
THANKAPPAN,VAIKKOM
245
_a
EDAVAZHIYIL KUDUNGIYA JEEVITHANGAL
300
_a
79
650
_a
STORY
_z
KERALA
942
_c
BK
999
_c
1800
_d
1800